Code based selected object oriented mechanisms identification
Salvato in:
| Autore principale: | |
|---|---|
| Altri autori: | |
| Natura: | Manoscritto Libro |
| Lingua: | slovacco inglese |
| Pubblicazione: |
2023
|
| Soggetti: | |
| Accesso online: | http://is.stuba.sk/zp/portal_zp.pl?podrobnosti=162815 |
| Tags: |
Nessun Tag, puoi essere il primo ad aggiungerne!!
|
MARC
| LEADER | 00000ntm a22000003a 4500 | ||
|---|---|---|---|
| 001 | stuzp92351 | ||
| 003 | SK-STU | ||
| 005 | 20230909212853.0 | ||
| 007 | ta | ||
| 008 | 150427s2015----xo-----f-mn---000-0-slo-d | ||
| 040 | |a STU |b slo | ||
| 041 | 0 | |a eng | |
| 100 | 1 | |a Jablonický, Kristián |u 070200 |4 aut |U FIIT Fakulta informatiky a informačných technológií |T FIIT Ústav informatiky, informačných systémov a softvérového inžinierstva |X 110970 |U I200 |Y 179 |7 110970 | |
| 242 | 0 | 1 | |a Identifikácia vybraných objektovo-orientovaných mechanizmov z kódu |y slo |
| 245 | 1 | 0 | |a Code based selected object oriented mechanisms identification |
| 260 | |c 2023 | ||
| 650 | 4 | |a Python |2 slo | |
| 650 | 4 | |a programovanie |2 slo | |
| 650 | 4 | |a Java |2 slo | |
| 650 | 4 | |a objektovo-orientované |2 slo | |
| 650 | 4 | |a refaktoring |2 slo | |
| 650 | 4 | |a object-oriented |2 eng | |
| 650 | 4 | |a programming |2 eng | |
| 650 | 4 | |a Java |2 eng | |
| 700 | 1 | |a Lang, Ján |u 070200 |k Z1 |4 ths |U FIIT Fakulta informatiky a informačných technológií |T FIIT Ústav informatiky, informačných systémov a softvérového inžinierstva |X 60247 |U I200 |Y 179 |7 60247 | |
| 856 | 4 | |u http://is.stuba.sk/zp/portal_zp.pl?podrobnosti=162815 | |